<?xml version="1.0" encoding="UTF-8"?>
<record
    xmlns:xsi="http://www.w3.org/2001/XMLSchema-instance"
    xsi:schemaLocation="http://www.loc.gov/MARC21/slim http://www.loc.gov/standards/marcxml/schema/MARC21slim.xsd"
    xmlns="http://www.loc.gov/MARC21/slim">

  <leader>02799aam a2200385 i 4500</leader>
  <controlfield tag="001">1104942</controlfield>
  <controlfield tag="003">CO-MdUADB</controlfield>
  <controlfield tag="005">20260507085426.0</controlfield>
  <controlfield tag="007">ta</controlfield>
  <controlfield tag="008">080923s2007    sp     gr           spa d</controlfield>
  <datafield tag="020" ind1=" " ind2=" ">
    <subfield code="a">9788497841405</subfield>
  </datafield>
  <datafield tag="035" ind1=" " ind2=" ">
    <subfield code="a">1104942</subfield>
  </datafield>
  <datafield tag="035" ind1=" " ind2=" ">
    <subfield code="a">(OCoLC)777016810</subfield>
  </datafield>
  <datafield tag="040" ind1=" " ind2=" ">
    <subfield code="c">CO-MdUADB</subfield>
    <subfield code="a">CO-MdUADB</subfield>
    <subfield code="b">spa</subfield>
    <subfield code="e">rda</subfield>
  </datafield>
  <datafield tag="041" ind1="1" ind2=" ">
    <subfield code="a">spa</subfield>
  </datafield>
  <datafield tag="082" ind1="7" ind2="4">
    <subfield code="a">193</subfield>
  </datafield>
  <datafield tag="100" ind1="1" ind2="0">
    <subfield code="a">Simmel, Georg,</subfield>
    <subfield code="d">1858-1918</subfield>
    <subfield code="4">aut</subfield>
    <subfield code="0">(isni)0000000123205189</subfield>
    <subfield code="0">(viaf)39384262</subfield>
    <subfield code="e">aut</subfield>
    <subfield code="9">475300</subfield>
  </datafield>
  <datafield tag="245" ind1="1" ind2="0">
    <subfield code="a">Im&#xE1;genes moment&#xE1;neas :</subfield>
    <subfield code="b">sub specie aeternitatis</subfield>
  </datafield>
  <datafield tag="264" ind1=" " ind2="1">
    <subfield code="a">Barcelona :</subfield>
    <subfield code="b">Gedisa,</subfield>
    <subfield code="c">2007</subfield>
  </datafield>
  <datafield tag="300" ind1=" " ind2=" ">
    <subfield code="a">135 p&#xE1;ginas ;</subfield>
    <subfield code="c">19 cm.</subfield>
  </datafield>
  <datafield tag="336" ind1=" " ind2=" ">
    <subfield code="2">rdacontent</subfield>
    <subfield code="a">texto</subfield>
    <subfield code="b">txt</subfield>
  </datafield>
  <datafield tag="337" ind1=" " ind2=" ">
    <subfield code="2">rdamedia</subfield>
    <subfield code="a">no mediado</subfield>
    <subfield code="b">n</subfield>
  </datafield>
  <datafield tag="338" ind1=" " ind2=" ">
    <subfield code="2">rdacarrier</subfield>
    <subfield code="a">volumen</subfield>
    <subfield code="b">nc</subfield>
  </datafield>
  <datafield tag="490" ind1="1" ind2=" ">
    <subfield code="a">(Dimensi&#xF3;n cl&#xE1;sica. Teor&#xED;a social)</subfield>
  </datafield>
  <datafield tag="520" ind1="3" ind2=" ">
    <subfield code="a">Este volumen presenta una selecci&#xF3;n de colaboraciones escritas por Georg Simmel para la revista muniquesa Jugend (Juventud) entre 1897 y 1907, que por primera vez desde entonces se vuelven a ofrecer al p&#xFA;blico.
En aquella etapa Simmel estaba particularmente interesado en cuestiones relacionadas con la experiencia est&#xE9;tica de la modernidad. La paradoja de lo moderno estriba, para Simmel, en que incluso aquello que no forma parte de las relaciones econ&#xF3;micas es influenciado por su desarrollo. Todo se vuelve ef&#xED;mero, transitorio o pasajero y adquiere la categor&#xED;a de instrumento para la visi&#xF3;n esencial de las cosas, que hace que se muestre su verdadero significado. Simmel intenta enfrentarse a la dificultad de apropiarse de lo pasajero, lo cambiante, para destilar de ello el tipo particular, la ley, recurriendo a Spinoza, cuyo verdadero conocimiento consist&#xED;a en una contemplaci&#xF3;n de las cosas sub specie arternitatis, desde el punto de vista de la eternidad. Simmel prefiere hablar sin embargo de &#x201C;im&#xE1;genes moment&#xE1;neas sub specie aeternitatis&#x201D;. &#xC9;l no se ocupa en sus Im&#xE1;genes moment&#xE1;neas de la verdad o la autenticidad de lo vivido, sino de asegurar zonas de protecci&#xF3;n de la subjetividad dentro de lo cambiante. Dado que los textos coinciden tem&#xE1;ticamente con la obra acad&#xE9;mica de Simmel, la presente selecci&#xF3;n ser&#xE1; para el lector una introducci&#xF3;n &#xFA;til al pensamiento de uno de los fil&#xF3;sofos m&#xE1;s originales del cambio del siglo XIX al XX. (Resumen extra&#xED;do de la cubierta del libro)</subfield>
  </datafield>
  <datafield tag="600" ind1="1" ind2="4">
    <subfield code="a">Simmel, Georg,</subfield>
    <subfield code="d">1858-1918</subfield>
    <subfield code="9">475300</subfield>
  </datafield>
  <datafield tag="650" ind1=" " ind2="7">
    <subfield code="a">Sociolog&#xED;a</subfield>
    <subfield code="2">lemb</subfield>
    <subfield code="9">112</subfield>
  </datafield>
  <datafield tag="650" ind1=" " ind2="7">
    <subfield code="a">Est&#xE9;tica</subfield>
    <subfield code="2">lemb</subfield>
    <subfield code="9">1590</subfield>
  </datafield>
  <datafield tag="700" ind1="1" ind2="0">
    <subfield code="a">Ibarluc&#xED;a, Ricardo,</subfield>
    <subfield code="d">1961-</subfield>
    <subfield code="4">trl</subfield>
    <subfield code="e">trl</subfield>
    <subfield code="9">507957</subfield>
  </datafield>
  <datafield tag="700" ind1=" " ind2="0">
    <subfield code="a">Strunk, Oliver,</subfield>
    <subfield code="4">trl</subfield>
    <subfield code="e">trl</subfield>
    <subfield code="9">468439</subfield>
    <subfield code="d">1965-</subfield>
  </datafield>
  <datafield tag="700" ind1="1" ind2="0">
    <subfield code="a">Vernik, Esteban Jorge</subfield>
    <subfield code="4">edt</subfield>
    <subfield code="e">edt</subfield>
    <subfield code="9">384160</subfield>
  </datafield>
  <datafield tag="700" ind1=" " ind2="0">
    <subfield code="a">Rammstedt, Otthein,</subfield>
    <subfield code="e">wpr</subfield>
    <subfield code="9">329250</subfield>
    <subfield code="d">1938-2020</subfield>
  </datafield>
  <datafield tag="830" ind1=" " ind2=" ">
    <subfield code="9">855417</subfield>
    <subfield code="a">Dimensi&#xF3;n cl&#xE1;sica. Teor&#xED;a social (Editorial Gedisa)</subfield>
  </datafield>
  <datafield tag="942" ind1=" " ind2=" ">
    <subfield code="c">BOOK</subfield>
    <subfield code="2">ddc</subfield>
  </datafield>
  <datafield tag="999" ind1=" " ind2=" ">
    <subfield code="c">482060</subfield>
    <subfield code="d">482060</subfield>
  </datafield>
  <datafield tag="952" ind1=" " ind2=" ">
    <subfield code="0">0</subfield>
    <subfield code="1">0</subfield>
    <subfield code="4">0</subfield>
    <subfield code="7">0</subfield>
    <subfield code="8">GEN</subfield>
    <subfield code="a">BC</subfield>
    <subfield code="b">BC</subfield>
    <subfield code="d">2008-09-24</subfield>
    <subfield code="e">CIS (Corporacion Interuniversitaria de Servicios)</subfield>
    <subfield code="g">38250.00</subfield>
    <subfield code="i">C1018677</subfield>
    <subfield code="l">2</subfield>
    <subfield code="o">193 S592i</subfield>
    <subfield code="p">0680838</subfield>
    <subfield code="r">2024-09-10 00:00:00</subfield>
    <subfield code="s">2024-08-06</subfield>
    <subfield code="t">1</subfield>
    <subfield code="w">2023-04-28</subfield>
    <subfield code="y">BOOK</subfield>
  </datafield>
  <datafield tag="952" ind1=" " ind2=" ">
    <subfield code="0">0</subfield>
    <subfield code="1">0</subfield>
    <subfield code="4">0</subfield>
    <subfield code="7">0</subfield>
    <subfield code="8">GEN</subfield>
    <subfield code="a">BC</subfield>
    <subfield code="b">BC</subfield>
    <subfield code="d">2008-09-24</subfield>
    <subfield code="e">CIS (Corporacion Interuniversitaria de Servicios)</subfield>
    <subfield code="g">38250.00</subfield>
    <subfield code="i">C1018678</subfield>
    <subfield code="l">1</subfield>
    <subfield code="o">193 S592i e2</subfield>
    <subfield code="p">0680839</subfield>
    <subfield code="r">2026-01-22 13:42:39</subfield>
    <subfield code="s">2023-08-03</subfield>
    <subfield code="t">2</subfield>
    <subfield code="w">2023-04-28</subfield>
    <subfield code="y">BOOK</subfield>
  </datafield>
  <datafield tag="952" ind1=" " ind2=" ">
    <subfield code="0">0</subfield>
    <subfield code="1">0</subfield>
    <subfield code="2">ddc</subfield>
    <subfield code="4">0</subfield>
    <subfield code="7">0</subfield>
    <subfield code="8">GENERAL</subfield>
    <subfield code="a">CARME</subfield>
    <subfield code="b">CARME</subfield>
    <subfield code="d">2017-03-24</subfield>
    <subfield code="e">Transferencia intrauniversitaria</subfield>
    <subfield code="f">COMP</subfield>
    <subfield code="g">35525.00</subfield>
    <subfield code="i">C1260036</subfield>
    <subfield code="l">1</subfield>
    <subfield code="o">193 S592i</subfield>
    <subfield code="p">1020758</subfield>
    <subfield code="r">2024-06-13 00:00:00</subfield>
    <subfield code="s">2024-05-07</subfield>
    <subfield code="t">3</subfield>
    <subfield code="w">2023-04-28</subfield>
    <subfield code="y">BOOK</subfield>
  </datafield>
</record>
